Building Engineer (Record no. 118591)

MARC details
000 -LEADER
fixed length control field 00719cas a22002415a 4500
001 - CONTROL NUMBER
control field ##L98934
008 - FIXED-LENGTH DATA ELEMENTS--GENERAL INFORMATION
fixed length control field 070703c1993 xxkmr p 0 a0eng
022 1# - INTERNATIONAL STANDARD SERIAL NUMBER
International Standard Serial Number 0969-8213
035 ## - SYSTEM CONTROL NUMBER
System control number (Sirsi) u98934
041 0# - LANGUAGE CODE
Language code of text/sound track or separate title eng
110 2# - MAIN ENTRY--CORPORATE NAME
Corporate name or jurisdiction name as entry element Association of Building Engineers
9 (RLIN) 1804
245 00 - TITLE STATEMENT
Title Building Engineer
260 ## - PUBLICATION, DISTRIBUTION, ETC.
Place of publication, distribution, etc. Northampton
Name of publisher, distributor, etc. Association of Building Engineers
Date of publication, distribution, etc. 1993-
362 1# - DATES OF PUBLICATION AND/OR SEQUENTIAL DESIGNATION
Dates of publication and/or sequential designation London: 68(3) April 1993-90(6) June 2019
362 0# - DATES OF PUBLICATION AND/OR SEQUENTIAL DESIGNATION
Dates of publication and/or sequential designation Edinburgh: January/February 1999-2019
500 ## - GENERAL NOTE
General note Subscription ceased
510 2# - CITATION/REFERENCES NOTE
Name of source Knowledge Alert
Location within source 2006-
651 #4 - SUBJECT ADDED ENTRY--GEOGRAPHIC NAME
Geographic name United Kingdom
690 ## - LOCAL SUBJECT ADDED ENTRY--TOPICAL TERM (OCLC, RLIN)
Topical term or geographic name as entry element BUILT ENVIRONMENT
780 00 - PRECEDING ENTRY
Title Architect and Surveyor
International Standard Serial Number 0308-8596
942 ## - ADDED ENTRY ELEMENTS (KOHA)
Suppress in OPAC 0
Source of classification or shelving scheme Dewey Decimal Classification
948 ## - LOCAL PROCESSING INFORMATION (OCLC); SERIES PART DESIGNATOR (RLIN)
c (OCLC) 04/02/1994
Holdings
Withdrawn status Lost status Source of classification or shelving scheme Damaged status Not for loan Home library Current library Shelving location Date acquired Total Checkouts Full call number Barcode Date last seen Price effective from Koha item type
    Other/Generic Classification Scheme     London London Gallery 26/10/2004   BUILDING ENGINEER 98934-1001 06/08/2019 06/08/2019 Journal